000
00285nam a2200133Ia 4500
100
_a
Kumar/S.J
942
_c
BK
654
_a
numerical
245
_a
Adoption of numerical controls in machine toolsl
260
_b
none
082
_a
621.902
_b
KUM
300
_a
44
546
_a
ENGLISH
999
_c
24816
_d
24816